Geographical distribution of financial flows to aid recipients 1997-2001 disbursements, commitments, country indicators

Salvato in:
Dettagli Bibliografici
Natura: Libro
Lingua:inglese
francese
Pubblicazione: Paris OECD 2003
Serie:Statistics
Soggetti:
Tags: Aggiungi Tag
Nessun Tag, puoi essere il primo ad aggiungerne!!

MARC

LEADER 00000nam a2200000 4500
001 c143247
005 20240422081412.3
020 |a 92-64-09973-5 
041 0 |a eng 
041 0 |a fre 
044 |a FR 
245 1 0 |a Geographical distribution of financial flows to aid recipients 1997-2001  |b disbursements, commitments, country indicators 
264 1 |a Paris  |b OECD  |c 2003 
300 |a 320 s. 
490 1 |a Statistics 
830 0 |a Statistics 
610 2 0 |a pomoc finančná 
610 2 0 |a pomoc zahraničná 
610 2 0 |a východná Európa